All Professional Baseball Teams to Their Home-State - Statistics

General Stats
  • This quiz has been taken 23 times
  • The average score is 28 of 29
Answer Stats
Baseball Team U.S States % Correct
Arizona Diamondbacks Arizona
100%
Los Angeles Angels California
100%
Los Angeles Dodgers California
100%
Oakland Athletics California
100%
San Diego Padres California
100%
San Francisco Giants California
100%
New York Mets New York
100%
New York Yankees New York
100%
Houston Astros Texas
100%
Colorado Rockies Colorado
95%
Miami Marlins Florida
95%
Tampa Bay Rays Florida
95%
Atlanta Braves Georgia
95%
Chicago Cubs Illinois
95%
Chicago White Sox Illinois
95%
Boston Red Sox Massachusetts
95%
Detroit Tigers Michigan
95%
Minnesota Twins Minnesota
95%
Kansas City Royals Missouri
95%
St. Louis Cardinals Missouri
95%
Cincinnati Reds Ohio
95%
Cleveland Guardians Ohio
95%
Philadelphia Phillies Pennsylvania
95%
Pittsburgh Pirates Pennsylvania
95%
Texas Rangers Texas
95%
Seattle Mariners Washington
95%
Milwaukee Brewers Wisconsin
95%
Baltimore Orioles Maryland
89%
Toronto Blue Jays Ontario
79%
No matching quizzes found
Score Distribution
Percent of People with Each Score
Percentile by Number Answered
Your Score History
You have not taken this quiz